[Event "EICC 2017"]
[Site "Minsk"]
[Date "2017.06.03"]
[Round "5"]
[White "Lysyj, Igor"]
[Black "Salomon, Johan"]
[Result "1-0"]
[WhiteElo "2643"]
[BlackElo "2501"]
[Annotator "TA"]
[PlyCount "53"]
[EventDate "2017.??.??"]
[EventCountry "BLR"]
[SourceTitle "playchess.com"]
[Source "ChessBase"]
[SourceQuality "1"]

{[%evp 14,53,0,0,0,-8,0,0,0,0,39,36,99,43,62,79,65,48,62,73,131,131,132,134,175,191,200,202,212,193,381,379,377,373,374,364,401,401,401,401,398,387]} 1. d4 Nf6 2. c4 e6 3. g3 d5 4. Bg2 Be7 5. Nf3 O-O 6. b3 dxc4 7. bxc4 c5 8. O-O cxd4 {A14: English Opening: 1...e6 with b3 by White} 9. Nxd4 e5 $146 ({Predecessor:} 9... Nfd7 10. Bb2 a6 11. Nc3 Qc7 12. Rc1 Nc5 13. e3 Nc6 14. Qe2 Bd7 15. Ne4 Na4 16. Ba1 e5 17. Nb5 axb5 18. cxb5 {½-½ (18) Iturrizaga Bonelli,E (2614)-Granda Zuniga,J (2639) Pamplona 2010}) 10. Nb5 {Hoping for Qxd8.} Nc6 {The position is equal.} 11. N1c3 Qxd1 12. Rxd1 Bf5 ({Black should try} 12... a6 $14 13. Nd6 Bxd6 14. Rxd6 Na5) 13. Be3 (13. Nd5 $16) 13... Ng4 14. Nd5 Nxe3 15. Nxe7+ Nxe7 16. fxe3 Rab8 ({Better is} 16... Be6) 17. Nxa7 $16 Be6 18. c5 Nf5 {[#]} 19. Kf2 $1 Ra8 20. Nb5 Ra5 {[#]} 21. a4 $1 Bb3 $2 (21... Bc8 22. Rd5 e4 23. Bxe4 Nh6) 22. Rdb1 $18 {White is winning.} Rxa4 23. Rxa4 Bxa4 24. Bxb7 Ne7 25. c6 Bc2 26. Rc1 Be4 27. Nd6 {Precision: White = 82%, Black = 36%.} 1-0

[Event "EICC 2017"]
[Site "Minsk"]
[Date "2017.06.03"]
[Round "5"]
[White "Shimanov, Aleksandr"]
[Black "Bocharov, Dmitry"]
[Result "1/2-1/2"]
[WhiteElo "2642"]
[BlackElo "2574"]
[Annotator "TA"]
[PlyCount "39"]
[EventDate "2017.??.??"]
[EventCountry "BLR"]
[SourceTitle "playchess.com"]
[Source "ChessBase"]
[SourceQuality "1"]

{[%evp 17,39,23,22,19,23,12,29,12,42,37,43,4,5,21,22,-20,0,-8,-20,-29,-16,-33,-16,-36]} 1. Nf3 d5 2. d4 Nf6 3. c4 e6 4. Nc3 Be7 5. Bf4 O-O 6. e3 b6 7. Qc2 c5 8. Rd1 {D37: Queen's Gambit Declined: 5 Bf4} Bb7 9. dxc5 bxc5 {LiveBook: 4 Games} 10. cxd5 exd5 11. Be2 (11. Bb5 Nbd7 12. O-O a6 13. Be2 Qb6 14. Ne5 Rfd8 15. Bf3 Nf8 {0-1 (61) Chirila,I (2533)-Akobian,V (2633) chess.com INT 2017}) 11... Nbd7 12. O-O Rc8 13. Ne5 $146 ({Predecessor:} 13. Qb3 Qb6 14. Qxb6 axb6 15. Bb5 Rfd8 16. Na4 Bc6 17. Bxc6 Rxc6 {1-0 (48) Ferkova,D (1687)-Schneider,J (1803) Kouty nad Desnou 2014}) 13... Nb6 14. Bf3 Bd6 15. Qf5 Re8 16. Nd3 g6 17. Qg5 Ba6 18. Bxd6 Qxd6 19. Ne2 Nc4 20. Ng3 {Precision: White = 47%, Black = 65%.} 1/2-1/2

[Event "EICC 2017"]
[Site "Minsk"]
[Date "2017.06.03"]
[Round "5"]
[White "Solak, Dragan"]
[Black "Matinian, Nikita"]
[Result "0-1"]
[WhiteElo "2641"]
[BlackElo "2491"]
[Annotator "TA"]
[PlyCount "92"]
[EventDate "2017.??.??"]
[EventCountry "BLR"]
[SourceTitle "playchess.com"]
[Source "ChessBase"]
[SourceQuality "1"]

{[%evp 19,92,17,9,0,0,0,14,14,21,0,7,0,44,14,12,25,48,-1,56,56,45,0,-25,-130,-125,-130,-151,-155,-154,-138,-154,-147,-143,-147,-104,-207,-206,-291,-287,-363,-357,-358,-356,-479,-453,-459,-426,-415,-369,-362,-359,-450,-427,-416,-409,-407,-418,-453,-447,-582,-556,-685,-600,-638,-629,-610,-608,-604,-516,-641,-641,-939,-920,-979,-950]} 1. e4 e5 2. Nf3 Nc6 3. Bb5 a6 4. Bxc6 dxc6 5. O-O Bd6 6. d4 exd4 7. Qxd4 f6 8. Be3 Ne7 {[%cal Bg8e7,Be7g6,Bg6h4][%mdl 32]} 9. Nbd2 Be6 10. Qc3 {C68: Ruy Lopez: Exchange Variation, sidelines} Qd7 {LiveBook: 23 Games} 11. Rad1 (11. Nc4 Bxc4 12. Qxc4 Ng6 13. Nd4 Ne5 14. Qb3 O-O-O 15. Nf5 g6 16. Nxd6+ Qxd6 17. h3 g5 {½-½ (55) Solak,D (2628)-Wojtaszek,R (2748) Reykjavik 2015}) 11... Ng6 12. Nb3 {The position is equal.} Bxb3 13. Qxb3 {Strongly threatening Nd4.} O-O-O 14. Nd4 {Threatens to win with Ne6.} Rhe8 15. f3 Nh4 16. Bf2 c5 $146 ({Predecessor:} 16... g5 17. Bxh4 gxh4 18. c3 Qe7 19. Nf5 Qe5 20. Nxd6+ cxd6 21. Rd4 h3 22. g3 f5 23. Qf7 fxe4 {½-½ (23) Genzling,A (2264)-Delorme,A (2366) Nancy 2008}) 17. Ne2 g5 18. Kh1 f5 (18... Qb5 $11 19. Nc3 Qxb3 20. axb3 (20. cxb3 b6 $14) 20... Ng6) 19. Nc3 $1 $14 Qg7 20. Bxh4 ({White should play} 20. exf5 $14 Nxf5 21. Ne4) 20... gxh4 $40 {[%mdl 128] Black is up to no good.} 21. exf5 (21. Qd5 $11) 21... Qe5 $17 {[%csl Gd6][%cal Re5h2] [#]} 22. f4 Qxf5 23. Qd5 Qxc2 24. Rd2 Qg6 25. Qf3 {[#]} Qf5 $1 26. h3 Rf8 {[%cal Rf5f4]} 27. Nd5 (27. Ne4 $17) 27... Rde8 {[%cal Bd8e8,Be8e4,Be4d4,Bd4d3][%mdl 32]} 28. Rdf2 (28. Rfd1 {keeps fighting.}) 28... Re4 $19 29. Qb3 Rd4 30. Ne3 Qe4 {Hoping for ...Rd3.} 31. Ng4 Rd3 32. Qc2 Rxh3+ 33. Nh2 Qxc2 34. Rxc2 Rg3 35. Rc4 h3 36. gxh3 Rxh3 37. Kg2 Re3 38. Ng4 Re2+ {Black is clearly winning.} 39. Kf3 Rxb2 40. a4 b5 41. axb5 axb5 42. Re4 c4 43. Ne3 Bc5 44. Nd5 Rd2 45. Re5 Bd6 46. Rh5 c6 {Precision: White = 38%, Black = 70%.} 0-1

[Event "EICC 2017"]
[Site "Minsk"]
[Date "2017.06.03"]
[Round "5"]
[White "Ivanisevic, Ivan"]
[Black "Shevchenko, Kirill"]
[Result "1-0"]
[WhiteElo "2638"]
[BlackElo "2491"]
[Annotator "TA"]
[PlyCount "89"]
[EventDate "2017.??.??"]
[EventCountry "BLR"]
[SourceTitle "playchess.com"]
[Source "ChessBase"]
[SourceQuality "1"]

{[%evp 9,89,23,13,-31,-31,-31,0,0,0,-13,-14,-20,-16,-24,26,27,45,35,49,45,40,20,38,-19,-24,-30,-34,-33,0,0,0,0,43,-11,54,2,2,2,16,16,68,64,65,14,16,12,13,0,136,135,136,138,129,127,241,226,206,178,240,212,854,827,852,800,760,547,532,515,489,467,1063,1087,1052,1012,29984,1705,1705,2661,2424,2359,6024,5808]} 1. d4 Nf6 2. Bg5 Ne4 3. h4 d5 4. e3 (4. Nd2 Bf5 5. Nxe4 Bxe4 6. f3 h6 7. Bf4 Bh7 8. e3 e6 9. Bd3 Bxd3 10. Qxd3 c5 11. dxc5 Bxc5 12. Bxb8 Qa5+ 13. c3 Rxb8 14. b4 {½-½ (22) Ivanisevic,I (2658)-Rapport,R (2649) Bar 2015}) 4... h6 5. Bf4 c5 6. f3 {A45: Trompowsky Attack} Nf6 7. Nc3 $146 ({Predecessor:} 7. c3 Nc6 8. g4 e6 9. Nd2 cxd4 10. cxd4 Bd6 11. Nh3 e5 12. dxe5 Bxe5 {1-0 (63) Kanep,M (2491)-Berend,E (2350) Gothenburg 2005}) 7... cxd4 8. exd4 {The position is equal.} a6 9. Qd2 Nc6 10. g4 e6 11. Nge2 Bd6 (11... b5 {is interesting.} 12. a3 Bb7 13. O-O-O Nd7 14. Kb1 Be7) 12. O-O-O Qc7 13. Bxd6 Qxd6 14. Nf4 Bd7 15. Be2 O-O-O 16. g5 (16. Na4 $14) 16... Ng8 $11 17. Na4 Nge7 18. Nb6+ Kc7 (18... Kb8 $5 {[%cal Rd7e8]} 19. Nxd7+ Qxd7 $11) 19. Nxd7 Kxd7 20. c3 Nf5 21. Bd3 (21. g6 $14) 21... Nce7 (21... Ng3 $11 22. Rh3 hxg5 23. Rxg3 Qxf4 24. Qxf4 gxf4 25. Rxg7 Ke7) 22. Rde1 (22. Bxf5 $14 Nxf5 23. g6) 22... g6 23. Bc2 hxg5 24. hxg5 Rxh1 ({Better is} 24... Kc8 $11) 25. Rxh1 $14 Ng3 26. Re1 (26. Rh4 $1 $14) 26... Rh8 27. Nd3 Nc6 28. Ba4 Nf5 (28... b5 $11 29. Nc5+ Ke8) 29. Ne5+ $16 Ke7 30. Bxc6 $1 bxc6 31. Qe2 Ra8 (31... a5 $16) 32. Kb1 $18 a5 33. a4 Ng3 (33... Rh8 {might work better.} 34. Qa6 Qc7 35. Qxc6 (35. Nxc6+ Kf8 $16) 35... Qxc6 36. Nxc6+ Kd7 37. Nxa5 Rh3) 34. Qc2 Nf5 $2 {[#]} (34... Rh8 35. Qb3 Qc7 36. Qa3+ Ke8) 35. Rh1 Rf8 36. Rh7 Ke8 37. Qb3 Qc7 {[#]} 38. Nxg6 $1 {[%mdl 512]} Rg8 (38... fxg6 39. Rxc7) 39. Ne5 {And now g6 would win.} Rg7 (39... Rxg5 $142 40. Rxf7 Ne7) 40. Rh8+ Ke7 41. Ra8 Kd6 42. Qa3+ (42. Ra6 $142 Nxd4 43. cxd4 Ke7 44. Rxc6 Qxc6 45. Nxc6+ Kd6 46. Qb7 f5 47. Qxg7) 42... c5 {White is clearly winning.} 43. Ra6+ (43. f4 $142 Rh7 44. dxc5+ Ke7 45. c6+ Nd6 46. Qc5) 43... Ke7 44. Rc6 Qa7 45. Rxc5 {Precision: White = 58%, Black = 40%.} 1-0

[Event "EICC 2017"]
[Site "Minsk"]
[Date "2017.06.03"]
[Round "5"]
[White "Kuzubov, Yuriy"]
[Black "Naiditsch, Arkadij"]
[Result "1/2-1/2"]
[WhiteElo "2637"]
[BlackElo "2700"]
[Annotator "TA"]
[PlyCount "57"]
[EventDate "2017.??.??"]
[EventCountry "BLR"]
[SourceTitle "playchess.com"]
[Source "ChessBase"]
[SourceQuality "1"]

{[%evp 15,57,24,23,0,16,12,23,23,23,15,23,22,24,23,22,22,12,14,23,22,19,21,16,13,18,18,27,26,27,6,11,0,1,0,2,6,8,0,0,0,0,0,0,0]} 1. e4 e5 2. Nf3 Nc6 3. Bb5 Nf6 4. O-O Nxe4 5. Re1 Nd6 6. Nxe5 Be7 7. Bf1 Nxe5 8. Rxe5 O-O 9. Nc3 {C67: Ruy Lopez: Berlin Defence: 4 0-0 Nxe4} Ne8 (9... Bf6 $5 {[%cal Rf6e5]} 10. Re1 Re8 $11) 10. Nd5 {[%cal Bc3d5,Bd5e3,Be3f5,Bf5e7][%mdl 32]} Bd6 11. Re1 {White has an edge.} c6 12. Ne3 Bc7 13. Nf5 d5 14. Ne7+ Kh8 15. Nxc8 Rxc8 16. d4 Nf6 {[#]} 17. Bd3 $146 Qd6 18. g3 Rce8 19. Bf4 Rxe1+ 20. Qxe1 Qd8 21. Bg5 h6 22. Bxf6 Qxf6 {The position is equal.} 23. Qb4 {[%cal Rb4f8] [#]} Rb8 $1 24. Re1 {Hoping for Qxb7!} Bb6 25. c3 g6 26. Bf1 Kg7 27. h4 Bc7 28. Qe7 Bd6 29. Qxf6+ {Precision: White = 75%, Black = 76%.} 1/2-1/2

[Event "EICC 2017"]
[Site "Minsk"]
[Date "2017.06.03"]
[Round "5"]
[White "Romanov, Evgeny"]
[Black "Schreiner, Peter"]
[Result "1-0"]
[WhiteElo "2636"]
[BlackElo "2483"]
[Annotator "TA"]
[PlyCount "61"]
[EventDate "2017.??.??"]
[EventCountry "BLR"]
[SourceTitle "playchess.com"]
[Source "ChessBase"]
[SourceQuality "1"]

{[%evp 14,61,61,70,63,72,60,61,60,60,62,54,50,47,114,115,119,119,119,119,119,107,113,98,127,128,207,217,208,202,231,227,217,217,394,368,348,418,378,412,412,382,456,481,475,476,469,459,416,362]} 1. c4 Nf6 2. Nc3 d5 3. cxd5 Nxd5 4. g3 g6 5. Bg2 Nxc3 6. bxc3 Bg7 7. h4 {[%cal Bh2h4,Bh4h5][%mdl 32]} Nc6 {A16: English Opening: 1...Nf6 with ...d5} (7... c6 8. h5 Qa5 9. Nf3 Nd7 10. Kf1 Nc5 11. Rh4 Bf6 12. Rh1 Bg4 13. Nd4 Rd8 14. hxg6 hxg6 15. Rxh8+ Bxh8 {½-½ (26) Movsesian,S (2699)-Kurnosov,I (2657) Khanty-Mansiysk 2013}) 8. h5 {LiveBook: 3 Games} Qd7 9. Qa4 Ne5 {White is better.} 10. Qb3 Nc6 $146 ({Predecessor:} 10... c5 11. Rb1 Rb8 12. Ba3 c4 13. Qb4 b5 14. f4 {1-0 (14) Mu,K (2419)-Andreoni,G (2140) Barcelona 2016}) 11. Nf3 {[%cal Bg1f3,Bf3g5,Bg5e4][%mdl 32]} b6 12. Ng5 e6 13. Ne4 {Threatens to win with Qb5.} Na5 (13... h6 $14) 14. Qc2 $1 $36 {[%mdl 2048] aiming for h6. Black is under strong pressure.} Bb7 15. h6 $1 {[%cal Rh6g7]} Be5 16. d4 {[%cal Bd2d4,Bd4e5][%mdl 32]} f5 17. dxe5 {And now Nf6+ would win.} fxe4 18. Bxe4 Bxe4 19. Qxe4 Qc6 {[#]} (19... Rd8 $16 20. Bg5 Qd5) 20. Qxc6+ $1 $18 Nxc6 {[#]} 21. Bg5 $1 Rf8 22. f4 Rf7 23. O-O-O Rd7 $2 (23... Na5 {might work better.} 24. Rd3 Rd7) 24. Rxd7 Kxd7 {[%mdl 4096] Endgame KRB-KRN} 25. Rd1+ Ke8 26. e4 Nd8 27. g4 Nf7 28. Bf6 Nxh6 29. Rh1 Nxg4 30. Rxh7 {Black must now prevent Rh8+.} Rc8 31. Bh4 {Precision: White = 98%, Black = 64%.} 1-0

[Event "EICC 2017"]
[Site "Minsk"]
[Date "2017.06.03"]
[Round "5"]
[White "Bluebaum, Matthias"]
[Black "Teterev, Vitaly"]
[Result "0-1"]
[WhiteElo "2632"]
[BlackElo "2487"]
[Annotator "TA"]
[PlyCount "74"]
[EventDate "2017.??.??"]
[EventCountry "BLR"]
[SourceTitle "playchess.com"]
[Source "ChessBase"]
[SourceQuality "1"]

{[%evp 14,74,45,42,60,43,62,36,54,6,31,21,30,16,60,-12,-12,-16,0,0,0,-13,15,0,52,-6,46,0,68,59,62,42,32,16,60,0,-8,-28,-29,0,-10,-27,-13,-37,-26,-29,0,-280,-294,-277,-289,-547,-527,-539,-525,-616,-618,-608,-601,-597,-599,-693,-712]} 1. d4 Nf6 2. c4 g6 3. Nc3 Bg7 4. e4 d6 5. h3 O-O 6. Be3 c5 7. Nf3 cxd4 8. Nxd4 b6 {E90: King's Indian: Classical: Early deviations and 6 h3} (8... Nc6 9. Be2 Nxd4 10. Bxd4 Bd7 11. O-O a5 12. Qc2 Bc6 13. Rad1 Nd7 14. Bxg7 Kxg7 15. Bg4 Nf6 16. e5 Nxg4 17. hxg4 {½-½ (36) Andreikin,D (2737)-Mamedov,R (2688) Tallinn 2016}) 9. Qd2 Bb7 10. f3 Nbd7 $146 {White is slightly better.} ({Predecessor:} 10... Nh5 11. g4 Ng3 12. Rg1 Nxf1 13. Rxf1 Nc6 14. O-O-O a6 15. Nxc6 Bxc6 16. Bh6 Bxh6 17. Qxh6 Qe8 18. Nd5 Bxd5 {½-½ (18) Siqueira,A (1907)-Bottari,R (2163) Rio de Janeiro 2014}) 11. g4 Rc8 12. Be2 Ne5 13. b3 a6 14. a4 (14. Rd1 $14) 14... e6 $11 15. Rd1 Qc7 16. O-O Rfd8 17. Qe1 Ned7 18. Qf2 Qb8 (18... d5 $11) 19. Rd2 ({Better is} 19. g5 $14 Nh5 20. f4) 19... h6 (19... Re8 $11) 20. Qh4 g5 ({Black should play} 20... d5 $11) 21. Qf2 Qc7 22. Rfd1 Nh7 {[%cal Bf6h7,Bh7f8,Bf8d7,Bd7e5,Be5f3][%mdl 32]} 23. Bf1 Ba8 24. Bg2 (24. h4 $14) 24... Nc5 25. Rb1 (25. b4 $5 {[%cal Rb4c5]} Nd7 26. Ndb5 axb5 27. Nxb5 $14) 25... Nf8 26. h4 Qe7 27. h5 (27. Nd5 $5 exd5 28. Nf5 $15) 27... Nfd7 28. Qe2 Ne5 29. Qd1 Qf6 30. Bf1 $2 {[%mdl 8192] [#]} (30. Rc1 $11) 30... Nxf3+ $1 $19 {[%mdl 512]} 31. Nxf3 (31. Qxf3 Qxf3) 31... Qxc3 32. Bd3 $2 (32. Bxc5 bxc5 33. Qe2) 32... Nxe4 {Black is clearly winning.} 33. Rc2 Qf6 34. Qf1 Ng3 35. Qg2 Qxf3 36. Qxf3 Bxf3 37. Kf2 Be4 {Precision: White = 30%, Black = 46%.} 0-1

[Event "EICC 2017"]
[Site "Minsk"]
[Date "2017.06.03"]
[Round "5"]
[White "Yilmaz, Mustafa"]
[Black "Plat, Vojtech"]
[Result "1-0"]
[WhiteElo "2630"]
[BlackElo "2522"]
[Annotator "TA"]
[PlyCount "59"]
[EventDate "2017.??.??"]
[EventCountry "BLR"]
[SourceTitle "playchess.com"]
[Source "ChessBase"]
[SourceQuality "1"]

{[%evp 15,59,14,25,20,17,15,22,20,31,33,14,8,15,0,15,12,8,17,16,21,22,0,29,25,75,70,79,68,91,84,180,181,222,202,283,196,372,385,382,376,416,397,467,496,485,453]} 1. d4 Nf6 2. c4 e6 3. Nf3 d5 4. Nc3 Bb4 5. Bg5 h6 6. Bxf6 Qxf6 7. e3 O-O 8. Rc1 Nc6 {LiveBook: 26 Games} 9. Qd3 $146 {D38: Queen's Gambit Declined: Ragozin Defence (4 Nf3 Bb4)} ({Predecessor:} 9. a3 Bxc3+ 10. Rxc3 dxc4 11. Rxc4 e5 12. Qc1 exd4 13. Nxd4 Nxd4 14. Rxd4 Qg6 15. g3 Bf5 16. Bg2 c5 {½-½ (70) Yilmaz,M (2614)-Vidit,S (2670) Dubai 2017}) 9... Rd8 10. a3 Bf8 11. Be2 {The position is equal.} a6 12. O-O Na5 13. cxd5 exd5 14. b4 Nc6 15. Na4 Bd6 16. Qc3 g5 17. Nc5 g4 18. Nd2 Re8 19. Bd1 Ne7 20. e4 {[%cal Be3e4,Be4d5][%mdl 32] Strongly threatening e5.} Ng6 21. Re1 (21. e5 Nxe5 22. dxe5 Bxe5 $11) 21... Bf4 22. g3 $36 {[%mdl 2048] White is in control.} Bg5 {[#]} (22... b6 $16) 23. Ba4 $1 $18 {[%cal Ra4e8]} Rd8 {[#]} 24. exd5 $1 Qf5 (24... Qg7 {was worth a try.} 25. Nce4 Bxd2 26. Nxd2 (26. Qxd2 Rxd5 27. Rxc7 Rxd4 $16) 26... Bf5) 25. Nce4 Be7 $2 (25... Ne7 26. Bb3 (26. Qxc7 Nxd5 27. Qc2 Be7 $16) 26... Nxd5 27. Bxd5 Qxd5 28. Nxg5 (28. Qxc7 Rd7 $18) 28... Qxg5) 26. Bb3 c6 {[#]} 27. d6 $1 {[%mdl 512]} Bf8 (27... Bxd6 28. Nxd6) 28. Qe3 Bxd6 29. Nxd6 Rxd6 30. Rc5 {Precision: White = 76%, Black = 38%.} 1-0

[Event "EICC 2017"]
[Site "Minsk"]
[Date "2017.06.03"]
[Round "5"]
[White "Kovalev, Vladislav"]
[Black "Minasian, Artashes"]
[Result "1-0"]
[WhiteElo "2629"]
[BlackElo "2480"]
[Annotator "TA"]
[PlyCount "151"]
[EventDate "2017.??.??"]
[EventCountry "BLR"]
[SourceTitle "playchess.com"]
[Source "ChessBase"]
[SourceQuality "1"]

{[%evp 9,151,34,26,26,39,45,49,0,101,104,128,89,94,76,75,55,64,56,74,38,45,38,33,42,35,0,22,0,0,-7,-11,-117,-120,-169,-167,-158,-147,-176,-110,-110,-99,-133,-160,-169,-180,-253,-22,-147,-12,-24,0,0,0,0,0,0,0,0,0,0,0,0,0,-3,0,0,0,-40,0,-40,-42,-57,0,0,0,0,0,0,0,0,0,0,0,0,73,8,8,5,8,0,0,0,0,0,39,42,108,0,0,0,220,242,549,435,1003,1000,956,978,923,859,1155,1160,1229,1149,1214,1214,1148,0,0,0,1149,1130,775,1962,1924,1891,1872,1789,3226,3155,3161,3942,2570,2223,2108,1887,5935,9598,29950,12764,29980,29980,29979,29980]} 1. e4 c6 2. d4 d5 3. Nd2 g6 4. c3 Bg7 5. h4 h5 6. Ngf3 {B12: Caro-Kann: Advance Variation} Nf6 $146 ({Predecessor:} 6... Bg4 7. Bd3 Nh6 8. Qc2 dxe4 9. Nxe4 Bxf3 10. gxf3 Nf5 11. Nc5 b6 12. Bxf5 gxf5 {½-½ (56) Kovalev,V (2562)-Lomako,P (2370) Minsk 2014}) 7. e5 Ng4 8. Bd3 {White is slightly better.} Bf5 (8... c5 $11 {keeps the balance.}) 9. Bxf5 $16 gxf5 10. Ng5 e6 11. Nf1 c5 12. f3 Nh6 $1 13. Ng3 Ng8 14. f4 cxd4 15. Nxh5 Bf8 16. cxd4 Nc6 17. Be3 Qa5+ 18. Kf2 Qb6 19. Rb1 Be7 $1 20. g4 (20. Ng7+ $11 Kf8 21. N7xe6+ fxe6 22. Nxe6+ Kf7 23. Ng5+ Kg7 24. g4 Bxg5 25. hxg5 (25. fxg5 Nge7 $17)) 20... Nh6 $17 21. Ng7+ Kf8 22. gxf5 Kxg7 23. Rg1 {White wants to mate with Nxe6+.} Kf8 ({Don't go for} 23... Nxf5 $2 24. Nxe6+ Kh6 25. Qg4 $18) (23... Bxg5 $1 $19 24. Qh5 exf5 25. Rxg5+ (25. Qxg5+ $2 Kf8 $19) 25... Kf8 26. Rxf5 Re8) 24. f6 Nf5 25. Nf3 {[#]} Bd8 $1 ({And not} 25... Nxh4 26. Rh1 $16) 26. Rg5 {intending Rxf5.} Rc8 27. Qg1 {[#]} (27. Rxf5 $142 exf5 28. Qc2) 27... Ncxd4 $2 ({Black should try} 27... Nce7 $1 $19 28. Qd1 Ng6) 28. Nxd4 $11 Nxd4 (28... Nxe3 $17 29. Kxe3 Rc4) 29. Qd1 $1 Rc2+ {[#]} 30. Qxc2 $1 {[%mdl 512]} Nxc2 31. Bxb6 Bxb6+ 32. Kg3 {Strongly threatening Rc1.} Nd4 {Black wants to play ...Nf5+.} (32... Be3 {with more complications.} 33. Rd1 b6 34. h5 a5 35. Rh1 Rh6) 33. Kg4 Nf5 34. h5 Be3 35. Rd1 Ke8 36. Rd3 Nh6+ 37. Kf3 Bb6 38. a4 Kd7 39. Rg7 Bc5 40. a5 b6 (40... Bf8 $15 41. Rg5 Nf5) 41. axb6 axb6 42. Rc3 Bd4 43. Rc2 Bc5 44. Rc1 Bf8 45. Rg5 Nf5 46. Ra1 Rh7 (46... Nd4+ $11 {remains equal.} 47. Kg4 Nf5) 47. Ra8 (47. Ra7+ $16 Kc6 48. Ra8) 47... Bc5 48. Rag8 {aiming for R8g7!} Rh6 49. Ke2 (49. R5g7 $5 Rxh5 50. Rxf7+ Kc6 51. Re8 Nd4+ 52. Kg4 $14) 49... Nd4+ 50. Kd3 {And now b4! would win.} Nc6 51. Ra8 Nb4+ 52. Kd2 {[%mdl 1024] Black must now prevent Ra7+. White has compensation.} Kc6 53. Rc8+ (53. Ra7 $16) 53... Kb5 54. Rc7 Rh8 $2 (54... Rh7 $11) 55. Rxf7 $18 Ra8 $2 (55... d4 {is a better chance.} 56. f5 Nc6) 56. Rc7 Ra2 {[#]} (56... Rh8 $142 57. Rcg7 Nc6) 57. Rxc5+ $1 {[%mdl 512]} bxc5 {[%mdl 4096] Endgame KRN-KR} (57... Kxc5 58. f7) 58. f7 Rxb2+ 59. Kd1 d4 60. f8=Q d3 61. Rg7 Rb1+ 62. Kd2 Rb2+ 63. Kd1 Rb1+ $1 64. Kd2 Rb2+ 65. Ke3 Re2+ 66. Kf3 Nc2 67. Rc7 Nd4+ 68. Kg4 Rc2 69. Qd6 d2 70. Rxc5+ Rxc5 71. Qxd4 {KQ-KR} Rd5 72. Qb2+ Kc6 73. Qc2+ Kd7 74. Qd1 Ke7 75. Kf3 Kf7 76. Ke2 {Precision: White = 58%, Black = 53%.} 1-0

[Event "EICC 2017"]
[Site "Minsk"]
[Date "2017.06.03"]
[Round "5"]
[White "Fedorchuk, Sergey A"]
[Black "Koksal, Ege"]
[Result "1-0"]
[WhiteElo "2621"]
[BlackElo "2405"]
[Annotator "TA"]
[PlyCount "69"]
[EventDate "2017.??.??"]
[EventCountry "BLR"]
[SourceTitle "playchess.com"]
[Source "ChessBase"]
[SourceQuality "1"]

{[%evp 25,69,28,28,34,49,66,59,10,42,37,53,28,27,18,28,22,28,15,15,0,58,67,58,71,57,0,0,0,0,-6,0,0,0,0,60,60,58,62,72,8,683,683,676,676,669,669]} 1. e4 e5 2. Nf3 Nc6 3. Bb5 a6 4. Ba4 Nf6 5. O-O Be7 6. Re1 b5 7. Bb3 d6 8. c3 O-O 9. h3 Na5 10. Bc2 c5 11. d4 Nd7 12. a4 Rb8 13. axb5 axb5 {LiveBook: 7 Games} 14. b3 {C96: Closed Ruy Lopez: Chigorin Defence: 11 d4, replies other than 11...Qc7} exd4 15. cxd4 Nc6 {[#]} 16. Bb2 $146 {White is slightly better.} ({Predecessor:} 16. Nc3 Nb4 17. Bb1 Re8 18. Bf4 Qb6 19. Qd2 Bb7 20. Ne2 Nc6 21. d5 Nce5 22. Nxe5 Nxe5 {1-0 (59) Ivanchuk,V (2769)-Karjakin,S (2779) Astana 2012}) 16... Nb4 17. Nc3 Re8 18. dxc5 dxc5 19. Nd5 Nxc2 20. Qxc2 Bb7 21. Red1 Bf8 22. e5 Bxd5 ({Black should play} 22... h6 $11) 23. Rxd5 $14 {[#] aiming for Ra7.} Rb7 $1 24. Rad1 {Hoping for Qd2.} Qe7 25. Ba3 (25. Qf5 $14 g6 26. Qd3) 25... Ra8 $11 26. Bc1 {Strongly threatening Ng5.} h6 27. Be3 $36 {[%mdl 2048] White has good play.} Qe6 28. Qd3 {[%cal Rd5d7]} Nb6 29. Qxb5 {Threatens to win with Rd8.} Nxd5 (29... Rbb8 $11 30. Rd6 Bxd6 31. Rxd6 Nd5) 30. Qxb7 $14 Nxe3 31. fxe3 Ra3 32. Rd8 (32. Nd2 $16) 32... Rxb3 $2 {[%mdl 8192] [#]} (32... Qxb3 $11 33. Qe7 Qxe3+ 34. Kh2 Qf4+ 35. Kg1 Ra1+ 36. Kf2 Ra2+ 37. Kg1 Qe3+ 38. Kh2 Qf4+ 39. Kg1 Qc1+ 40. Kh2 Qf4+ 41. Kg1) 33. Qa8 $18 {White is clearly winning.} Qe7 34. Re8 Ra3 35. Qc8 {Precision: White = 51%, Black = 54%.} 1-0